Pokémon de type Dragon uniquement - Statistiques

Statistiques générales
  • Ce quiz a été pris 74 fois
  • Le résultat moyen est 11 sur 13
Statistiques - réponses
Hint Réponse % Correct
n° 148 Draco
100%
n° 147 Minidraco
100%
n° 610 Coupenotte
88%
n° 371 Draby
88%
n° 372 Drackhaus
86%
n° 612 Tranchodon
86%
n° 621 Drakkarmin
85%
n° 611 Incisache
85%
n° 704 Mucuscule
81%
n° 706 Muplodocus
81%
n° 705 Colimucus
78%
n° 782 Bébécaille
68%
n° 895 Regidrago
56%
Aucun quiz correspondant
Distribution des résultats
% des personnes avec chaque résultat
Percentile par nombre de réponses
Votre historique - résultats
Vous n’avez pas pris ce quiz